| 000 | 00872cam a22002895a 4500 | ||
|---|---|---|---|
| 999 |
_c26435 _d26407 |
||
| 001 | 016827848 | ||
| 003 | EG-ScBUE | ||
| 005 | 20210315111613.0 | ||
| 008 | 900309s1594 pl f 000 d eng d | ||
| 020 | _a9781977086068 | ||
| 040 |
_aUk _beng _erda _cUk _dEG-ScBUE |
||
| 082 | 0 | 4 |
_a822.33 _bSHA _222 |
| 100 | 1 |
_aShakespeare, William, _d1564-1616, _eauthor. |
|
| 245 | 1 | 4 |
_aThe comedy of errors / _cWilliam Shakespeare. |
| 264 | 3 |
_a[Poland] : _bAmazon Fulfillment, _c1594. |
|
| 300 |
_a135 pages : _c28 cm |
||
| 336 |
_2rdacontent _atext _btxt |
||
| 337 |
_2rdamedia _aunmediated _bn |
||
| 338 |
_2rdacarrier _avolume _bnc |
||
| 650 | 7 |
_aEnglish drama (Comedy) _2BUEsh |
|
| 650 | 7 |
_aShipwreck victims _vDrama. _2BUEsh |
|
| 650 | 7 |
_aMistaken identity _xDrama. _2BUEsh |
|
| 651 | _2BUEsh | ||
| 653 |
_bHHUUEENN _cMarch2018 |
||
| 655 |
_vText book _933728 |
||
| 942 |
_2ddc _cTXT |
||